Loading...
| Fine Arts - Painting and Sculpture | 1 | 5 | 1 | 0 | 60 | 85 | 110.50 | 1 | 2 |
| Social Science | 1 | 3 | 0 | 1 | 45 | 74 | 110.75 | 0 | 2 |
| Other Academic | 1 | 2 | 0 | 0 | 35 | 47 | 98.33 | 0 | 1 |
| Other Science (Computer Science) | 1 | 1 | 0 | 0 | 25 | 63 | 71.00 | 0 | 2 |
| History - American History | 0 | 2 | 0 | 1 | 20 | 118 | 131.50 | 0 | 0 |
| Philosophy | 0 | 2 | 0 | 0 | 20 | 102 | 119.00 | 0 | 1 |
| Literature - British Literature | 0 | 2 | 0 | 1 | 20 | 121 | 139.00 | 0 | 1 |
| Fine Arts - Other Arts | 0 | 1 | 0 | 0 | 10 | 86 | 86.00 | 0 | 1 |
| Literature - American Literature | 0 | 1 | 0 | 0 | 10 | 116 | 116.00 | 0 | 0 |
| Literature - European Literature | 0 | 1 | 0 | 0 | 10 | 134 | 134.00 | 0 | 0 |
| Literature - World Literature | 0 | 1 | 0 | 1 | 10 | 157 | 157.00 | 0 | 0 |
| Religion | 0 | 1 | 0 | 0 | 10 | 106 | 106.00 | 0 | 0 |
| Science - Chemistry | 0 | 1 | 0 | 0 | 10 | 72 | 72.00 | 0 | 0 |
| Science - Physics | 0 | 1 | 0 | 0 | 10 | 123 | 123.00 | 0 | 0 |
| History - European History | 0 | 1 | 1 | 1 | 5 | 159 | 159.00 | 0 | 0 |
| Science - Biology | 0 | 0 | 1 | 0 | -5 | 0.00 | 0 | 0 | |
| Modern World | 0 | 0 | 1 | 0 | -5 | 0.00 | 0 | 0 | |
| Other Science (Math) | 0 | 0 | 1 | 0 | -5 | 0.00 | 0 | 0 | |
| History - Other History | 0 | 0 | 1 | 0 | -5 | 0.00 | 0 | 0 |